| 000 | 00732nam a2200241 i 4500 | ||
|---|---|---|---|
| 001 | bg | ||
| 100 | 1 |
_aZawadzka, Ludmiła _d(1943- ). |
|
| 245 | 1 | 0 |
_aWspółczesne problemy i kierunki rozwoju elastycznych systemów produkcyjnych / _cLudmiła Zawadzka. |
| 260 |
_aGdańsk : _bWydawnictwo Politechniki Gdańskiej, _c2007. |
||
| 300 |
_a114, [2] s. : _bil. ; _c24 cm. |
||
| 504 | _aBibliogr. s. 106-114. | ||
| 650 | 9 | _aElastyczne systemy wytwarzania | |
| 015 | _aPB 14686/2007 | ||
| 020 | _a9788373481824 | ||
| 040 | _cBPK | ||
| 041 | _apol | ||
| 044 | _aPOL | ||
| 080 | _a681.5:658.5:004.414.2 | ||
| 920 | _a978-83-7348-182-4 | ||
| 942 | _cKS | ||
| 008 | 070614s2007 pl a |000 0 pol | ||
| 999 |
_c54239 _d54239 |
||
| 856 |
_uhttp://koha.tu.koszalin.pl/cgi-bin/koha/opac-detail.pl?biblionumber=54239 _yKatalog online BPK |
||